Arturo Morales Carrión : (Record no. 22316)
[ view plain ]
| 000 -CABECERA | |
|---|---|
| campo de control de longitud fija | 01665nam a2200421 a 4500 |
| 001 - NÚMERO DE CONTROL | |
| campo de control | 000022819 |
| 005 - FECHA Y HORA DE LA ÚLTIMA TRANSACCIÓN | |
| campo de control | 20240305082246.0 |
| 008 - DATOS DE LONGITUD FIJA--INFORMACIÓN GENERAL | |
| campo de control de longitud fija | 101118s1989 pr c r 000 0 spa d |
| 040 ## - FUENTE DE LA CATALOGACIÓN | |
| Centro catalogador/agencia de origen | DO-SdBNP |
| Lengua de catalogación | spa |
| Centro/agencia transcriptor | BNPHU |
| 082 ## - NÚMERO DE LA CLASIFICACIÓN DECIMAL DEWEY | |
| Número de clasificación | 928.6195 |
| Número de documento/Ítem | M828h |
| 049 ## - FONDOS LOCALES (OCLC) | |
| Fondos de biblioteca | BNGR |
| 100 1# - ENTRADA PRINCIPAL--NOMBRE DE PERSONA | |
| Nombre de persona | Morales Carrión, Arturo |
| 9 (RLIN) | 46878 |
| 245 10 - MENCIÓN DE TÍTULO | |
| Título | Arturo Morales Carrión : |
| Resto del título | homenaje al historiador y humanista, ensayos de historia y literatura de Puerto Rico y el Caribe. |
| 260 ## - PUBLICACIÓN, DISTRIBUCIÓN, ETC. | |
| Lugar de publicación, distribución, etc. | San Juan, Puerto Rico : |
| Nombre del editor, distribuidor, etc. | Centro de Estudios Avanzados de Puerto Rico y el Caribe, |
| Fecha de publicación, distribución, etc. | 1989. |
| Lugar de fabricación/manufactura | Santo Domingo : |
| Fabricante | Corripio |
| 300 ## - DESCRIPCIÓN FÍSICA | |
| Extensión | 302 p. : |
| Otras características físicas | retrs. ; |
| Dimensiones | 23 cm. |
| 504 ## - NOTA DE BIBLIOGRAFÍA, ETC. | |
| Nota de bibliografía, etc. | Incluye referencias bibliográficas y notas al pie de las páginas. |
| 600 10 - PUNTO DE ACCESO ADICIONAL DE MATERIA--NOMBRE DE PERSONA | |
| Nombre de persona | MORALES CARRIÓN, ARTURO, |
| Fechas asociadas al nombre | 1913-1989 |
| 9 (RLIN) | 46879 |
| 650 #4 - PUNTO DE ACCESO ADICIONAL DE MATERIA--TÉRMINO DE MATERIA | |
| Término de materia o nombre geográfico como elemento de entrada | Historiadores |
| Subdivisión geográfica | Puerto Rico |
| Subdivisión general | Biografías |
| 9 (RLIN) | 46880 |
| 700 1# - PUNTO DE ACCESO ADICIONAL--NOMBRE DE PERSONA | |
| Nombre de persona | Rivera Quiñones, Eladio |
| 9 (RLIN) | 46881 |
| 700 1# - PUNTO DE ACCESO ADICIONAL--NOMBRE DE PERSONA | |
| Nombre de persona | Torrech, Rafael |
| 9 (RLIN) | 46882 |
| 700 1# - PUNTO DE ACCESO ADICIONAL--NOMBRE DE PERSONA | |
| Nombre de persona | Tió, Aurelio |
| 9 (RLIN) | 21140 |
| 700 1# - PUNTO DE ACCESO ADICIONAL--NOMBRE DE PERSONA | |
| Nombre de persona | Rodríguez Bou, Ismael |
| 9 (RLIN) | 30011 |
| 700 1# - PUNTO DE ACCESO ADICIONAL--NOMBRE DE PERSONA | |
| Nombre de persona | Alegría, Ricardo E. |
| 9 (RLIN) | 16236 |
| 700 1# - PUNTO DE ACCESO ADICIONAL--NOMBRE DE PERSONA | |
| Nombre de persona | Alvarado Morales, Manuel |
| 9 (RLIN) | 46883 |
| 700 1# - PUNTO DE ACCESO ADICIONAL--NOMBRE DE PERSONA | |
| Nombre de persona | González Vales, Luís |
| 9 (RLIN) | 46884 |
| 700 1# - PUNTO DE ACCESO ADICIONAL--NOMBRE DE PERSONA | |
| Nombre de persona | Pérez Ruíz, José A. |
| 9 (RLIN) | 46885 |
| 700 1# - PUNTO DE ACCESO ADICIONAL--NOMBRE DE PERSONA | |
| Nombre de persona | Delgado Cintrón, Carmelo |
| 9 (RLIN) | 46886 |
| 700 1# - PUNTO DE ACCESO ADICIONAL--NOMBRE DE PERSONA | |
| Nombre de persona | Díaz, Luis Edgardo |
| 9 (RLIN) | 46887 |
| 700 1# - PUNTO DE ACCESO ADICIONAL--NOMBRE DE PERSONA | |
| Nombre de persona | Babín, María Teresa |
| 9 (RLIN) | 39759 |
| 700 1# - PUNTO DE ACCESO ADICIONAL--NOMBRE DE PERSONA | |
| Nombre de persona | Balseiro, José A. |
| 9 (RLIN) | 46888 |
| 700 1# - PUNTO DE ACCESO ADICIONAL--NOMBRE DE PERSONA | |
| Nombre de persona | Marrero, Leví |
| 9 (RLIN) | 46889 |
| 700 1# - PUNTO DE ACCESO ADICIONAL--NOMBRE DE PERSONA | |
| Nombre de persona | Colorado, Antonio J. |
| 9 (RLIN) | 40663 |
| 700 1# - PUNTO DE ACCESO ADICIONAL--NOMBRE DE PERSONA | |
| Nombre de persona | Pérez Memén, Fernando, |
| Fechas asociadas al nombre | 1943- |
| 9 (RLIN) | 38744 |
| 700 1# - PUNTO DE ACCESO ADICIONAL--NOMBRE DE PERSONA | |
| Nombre de persona | Arrillaga Torréns, Rafael |
| 9 (RLIN) | 16237 |
| 700 1# - PUNTO DE ACCESO ADICIONAL--NOMBRE DE PERSONA | |
| Nombre de persona | Caro Costa, Aida |
| 9 (RLIN) | 46890 |
| 700 1# - PUNTO DE ACCESO ADICIONAL--NOMBRE DE PERSONA | |
| Nombre de persona | Torres Oliver, Luis J. |
| 9 (RLIN) | 46891 |
| 700 1# - PUNTO DE ACCESO ADICIONAL--NOMBRE DE PERSONA | |
| Nombre de persona | Ramos, Demetrio |
| 9 (RLIN) | 46892 |
| Estado de retiro | Estado de pérdida | Restricciones de uso | No para préstamo | Código de colección | Localización permanente | Ubicación/localización actual | Ubicación en estantería | Fecha de adquisición | Número de inventario | Total de préstamos | Signatura topográfica completa | Código de barras | Fecha visto por última vez | Precio válido a partir de | Tipo de ítem Koha |
|---|---|---|---|---|---|---|---|---|---|---|---|---|---|---|---|
| Monografías: Libros y Folletos | General | General | En catalogación | 18.11.2010 | LF1 | 928.6195 M828h | 22819-10 | 25.06.2020 | 25.06.2020 | Préstamo en sala |
